| 000 | 02509cam a2200445 i 4500 | ||
|---|---|---|---|
| 001 | 20437957 | ||
| 003 | OSt | ||
| 005 | 20230904111812.0 | ||
| 008 | 180410s2017 maua b 001 0 eng d | ||
| 010 |
_a 2015472447 _z 2015950809 |
||
| 020 |
_a9781305507074 _q(hardback) |
||
| 020 |
_a130550707X _q(hardback) |
||
| 035 | _a(OCoLC)ocn941009806 | ||
| 040 |
_aOH6 _beng _cOH6 _dOCL _dNZAUC _dOCLCQ _dDHA _dOCLCQ _erda _dDLC |
||
| 042 | _alccopycat | ||
| 043 | _an-us--- | ||
| 050 | 0 | 0 |
_aHB171.5 _b.T748 2017 |
| 082 | 0 | 4 |
_a330 _bTUC/E |
| 100 | 1 |
_aTucker, Irvin B. _eauthor. _99410 |
|
| 245 | 1 | 0 |
_aEconomics for today / _cIrvin B. Tucker, University of North Carolina Charlotte. |
| 250 | _a9th edition. | ||
| 264 | 1 |
_aBoston, MA : _bCengage Learning, _c[2017] |
|
| 300 |
_axxxii, 894 pages : _bcolor illustrations ; _c26 cm |
||
| 336 |
_atext _btxt _2rdacontent |
||
| 337 |
_aunmediated _bn _2rdamedia |
||
| 338 |
_avolume _bnc _2rdacarrier |
||
| 504 | _aIncludes bibliographical references and index. | ||
| 505 | 2 | _aIntroduction to economics -- Microeconomics fundamentals -- Market structures -- Microeconomics policy issues -- Microeconomics fundamentals -- Microeconomics theory and policy -- Money, banking, and monetary policy -- International economy. | |
| 520 | _a"Help students visualize economics in action with the most pedagogically rich, complete text on the market: Irvin Tucker's ECONOMICS FOR TODAY, 9E. This dynamic book offers a clear, engaging writing style ideal for students at all levels. Written by a national award-winning educator, ECONOMICS FOR TODAY provides a unique textual and visual learning system that presents and reinforces core concepts, then immediately assesses comprehension to ensure understanding. The author highlights the latest information on economic growth, income distribution, federal deficits, environmental issues, and other economic developments while applying concepts to everyday life."--Publisher description. | ||
| 648 | 7 |
_a2001-2009 _2fast |
|
| 650 | 0 | _aEconomics. | |
| 650 | 7 |
_aEconomic history. _2fast _0(OCoLC)fst00901974 |
|
| 650 | 7 |
_aEconomics. _2fast _0(OCoLC)fst00902116 |
|
| 651 | 0 |
_aUnited States _xEconomic conditions _y2001-2009. |
|
| 651 | 0 |
_aUnited States _xEconomic conditions _y2009- |
|
| 651 | 7 |
_aUnited States. _2fast _0(OCoLC)fst01204155 |
|
| 906 |
_a7 _bcbc _ccopycat _d3 _encip _f20 _gy-gencatlg |
||
| 942 |
_2ddc _cBK _h330 _iTUC/E _k330 _mTUC/E |
||
| 999 |
_c42092 _d42092 |
||